• Giacomo Alberione

di Personal Name

Records bibliografici associati: 9

001 - CONTROL NUMBER

  • control field: 1

003 - CONTROL NUMBER IDENTIFIER

  • control field: OSt

005 - DATE AND TIME OF LATEST TRANSACTION

  • control field: 20120321172522.0

008 - FIXED-LENGTH DATA ELEMENTS

  • fixed length control field: 120321|| aca||aabn | a|a d

040 ## - CATALOGING SOURCE

  • Original cataloging agency: OSt

100 a# - HEADING--PERSONAL NAME

  • Personal name: Giacomo Alberione
CREDITS: SOCIETA' SAN PAOLO Via A.Severo, 58 - ROMA (RM) & PERIODICI SAN PAOLO SRL Via Giotto, 36 MILANO & CISF Via Giotto, 36 MILANO & EDIZIONI SAN PAOLO SRL,  Piazza Soncino, 5 CINISELLO BALSAMO (MI) -- ITALY